000 01011nam0a22002651 4500
001 rc\4640069
005 20130416201304.3
021 _aRU
_b[61-88529]
035 _a(NLR Aleph) 008684801
090 _a9201566
_c9201566
100 _a20130416d1961 |||y0rusy50 ca
101 0 _arus
102 _aRU
105 _aa j |||||
200 1 _aТонкорунное овцеводство в Забайкалье
_e(Лекции для студентов заоч. фак. сиб. с.-х. ин-тов)
_fМ-во сел. хозяйства РСФСР. Новосиб. с.-х. ин-т
210 _aНовосибирск
_cБ. и.
_d1961
215 _a64 с.
_cил.
_d20
320 _aБиблиогр.: с. 63-64 (38 назв.)
606 _aОвцеводство тонкорунное
_yЗабайкалье
_2psbo
700 1 _aСмирнов
_bВ. С.
_gВасилий Савватьевич
801 0 _aRU
_bNLR
_gpsbo
801 1 _aRU
_bELAR
_2rusmarc
852 _aNLR
_j62-4/1436
942 _cBOOK
980 _aNB